Normal view
MARC view
Entry Corporate Name
001 - CONTROL NUMBER
- control field: 250453
003 - CONTROL NUMBER IDENTIFIER
- control field:
005 - DATE AND TIME OF LATEST TRANSACTION
- control field: 20210601205043.0
008 - FIXED-LENGTH DATA ELEMENTS
- fixed length control field: 210601|| aca||aabn | a|a d
040 ## - CATALOGING SOURCE
- Original cataloging agency:
- Transcribing agency:
110 ## - HEADING--CORPORATE NAME
- Corporate name or jurisdiction name as entry element: Great Britain.
- Subordinate unit: Royal Air Force
670 ## - SOURCE DATA FOUND
- Source citation: Work cat.: (): Bishop, Edward, 1924- 249582, The wooden wonder :, c1959
